|
|
|
|
| LEADER |
01059nam a2200241 a 4500 |
| 001 |
2138914 |
| 008 |
091209s1996 bg ab s f000 0 eng d |
| 010 |
|
|
|a 97905289
|
| 020 |
|
|
|a 984508270X
|
| 040 |
|
|
|a DLC
|c DLC
|d DLC
|
| 082 |
0 |
0 |
|a 331.3/1/095492
|2 21
|
| 245 |
0 |
0 |
|a Report on national sample survey of child labour in Bangladesh, 1995-96.
|
| 260 |
|
|
|a Dhaka :
|b Bangladesh Bureau of Statistics, Statistics Division, Ministry of Planning, Govt. of the People's Republic of Bangladesh,
|c 1996
|
| 300 |
|
|
|a xv, 203 p. :
|b ill., map ;
|c 29 cm.
|
| 541 |
1 |
|
|e 00012863
|
| 546 |
|
|
|a Annexures in Bengali and English.
|
| 500 |
|
|
|a "October 1996."
|
| 500 |
|
|
|a Includes statistical tables.
|
| 650 |
|
0 |
|a Child labor
|z Bangladesh.
|
| 710 |
1 |
|
|a Bangladesh.
|b Parisaṃkhyāna Byuro.
|
| 852 |
4 |
|
|a Ayesha Abed Library
|j General shelf
|
| 999 |
|
|
|c 6073
|d 6073
|
| 952 |
|
|
|0 0
|1 0
|2 ddc
|4 0
|6 331_310954920000000_REP
|7 0
|9 6063
|a BRACUL
|b BRACUL
|c GEN
|d 2009-12-14
|g 0.00
|l 1
|o 331.31095492 REP
|p 3010012863
|r 2020-01-23
|s 2020-01-22
|t 1
|w 2009-12-14
|y BK
|x No price found in the accession register.
|